000 00831nam a2200229Ia 4500
005 20241129111219.0
008 241129s9999||||xx |||||||||||||| ||und||
020 _a978-81-8315-383-6
037 _aREF
040 _aCRL
_beng
_cCRL
041 _asan
_2san
084 _aP15p27316,N19 15R0.17(RR)
_qCRL
100 _aBhatt Gadhadhar Au.; Pandureddy Veernarayan Au.; Verkhedi Sriniwas Ed.; Penna Madhusudan Ed.
_9723669
245 0 _aAll India oriental conderence
_cBhatt Gadhadhar Au.; Pandureddy Veernarayan Au.; Verkhedi Sriniwas Ed.; Penna Madhusudan Ed.
260 _aNew Delhi, India
_bNew Bharatiya Book Co.
_c2020
300 _a145p.
365 _aINR
_b275
490 _vVol. 17
650 _aSanskrit Language
_91031
942 _cREF
_hP15p27316,N19 15R0.17(RR)
999 _c1229415
_d1229415